Loading...
| Literature - European Literature | 0 | 5 | 0 | 1 | 50 | 24 | 55.80 | 1 | 3 |
| Science - Biology | 0 | 3 | 0 | 1 | 30 | 72 | 82.00 | 0 | 1 |
| History - European History | 0 | 3 | 0 | 0 | 30 | 55 | 70.00 | 0 | 1 |
| History - Other History | 0 | 4 | 2 | 1 | 30 | 30 | 60.75 | 1 | 2 |
| History - World History | 0 | 3 | 0 | 0 | 30 | 22 | 50.00 | 0 | 2 |
| Mythology | 0 | 3 | 1 | 0 | 25 | 36 | 57.00 | 2 | 2 |
| Pop Culture | 0 | 2 | 0 | 0 | 20 | 49 | 57.00 | 1 | 1 |
| Fine Arts - Classical Music | 0 | 2 | 0 | 0 | 20 | 80 | 93.00 | 0 | 1 |
| Philosophy | 0 | 2 | 1 | 0 | 15 | 23 | 51.50 | 1 | 1 |
| Science - Other Science | 0 | 2 | 1 | 2 | 15 | 79 | 92.50 | 0 | 0 |
| Literature - American Literature | 0 | 2 | 1 | 0 | 15 | 18 | 22.00 | 2 | 2 |
| Social Science | 0 | 1 | 0 | 1 | 10 | 103 | 103.00 | 0 | 1 |
| Fine Arts - Other Fine Arts | 0 | 1 | 0 | 0 | 10 | 37 | 37.00 | 0 | 0 |
| Literature - World Literature | 0 | 1 | 0 | 1 | 10 | 126 | 126.00 | 0 | 0 |
| Current Events | 0 | 1 | 0 | 1 | 10 | 106 | 106.00 | 0 | 0 |
| Religion | 0 | 1 | 2 | 1 | 0 | 112 | 112.00 | 0 | 0 |